000
00409nam a22001217a 4500
020
_a
9788181523211
100
_a
Rajesh Chauhan
245
_a
New thinkers in public administration concepts and views
260
_a
Jaipur
_b
Book enclave
_c
2013
300
_a
192p
942
_c
BK
999
_c
3450
_d
3450